000 005650000a22001810004500
003 MACL
005 20160329164431.0
008 160329b xxu||||| |||| 00| 0 eng d
040 _aMACL
_cMACL
041 _aHindi
082 _a080
100 _aराजेन्‍द्र कुमार
_948764
245 _aशिक्षाप्रद सूक्तियॉ
260 _aदिल्‍ली
_bप्रयास पब्लिकेशन
_c2011
350 _a495
650 _aसामान्‍य वर्ग
_936
942 _cHIN
_k080
_2ddc
999 _c47141
_d47141